1860 1384 1428 1957 1575 1307 1371 1911 1574 1777 1690 1795 1560 1261 1416 1735 1150 1089 1558 1343 1599 1945 1132 1218 1382 1911 1682 1343 1379 1898 1352 1070 1752 1081 1206 1442 1075 1776 1242 1915 1989 1696 1530 1913 1645 1704 1443 1500 1934 1504 1006 1946 1332 1290 1715 1198 1029 1374 1934 1468 1097 1575 1946 1736 1657 1019 1185 1746 1686 1091 1241 1104 1183 1830 1767 1696 1470 1405 1346 1295 1380 1666 1280 1083 1448 1367 1464 1960 1951 1765 1088 1582 1732 1975 1127 1080 1585 1073 1159 BCNSPRNW ULIB Ver.6.0+V

เปลี่ยนเป็นภาษาไทย

Change to English
 แสดงรายละเอียดบรรณานุกรม
  กลับหน้าหลัก

Brief Record : Get Marc (ISO 2709) : E-mail record : QR code < ปิดหน้าต่าง
LEADER : 00000nam 2200000uu 4500
001    13399108361
003     ULIB
008    110301s2551||||th 000 0 tha d
020    9789740543176
060 04 QV38.JC6^bศ693ย 2551
100 0  ศุภนิมิต ทีฆชุณหเถียร
245 10 ยาจีนกับพลังปราณ /^cศุภนิมิต ทีฆชุณหเถียร
250    พิมพ์ครั้งที่ 1
260    กรุงเทพฯ :^bหมอชาวบ้าน,^c2551
300    163 หน้า :^bภาพประกอบ ;^c22 ซม.
650  7 สมุนไพร^zจีน
650  7 การรักษาด้วยสมุนไพร
650  7 ยาแผนโบราณ^zจีน
650  7 การแพทย์แผนโบราณ^zจีน
945    ^p160^l0^i025671
945    ^p160^l0^i025670
995    ทศพร
999 ^a ใช้งานได้ทุกระบบ
รายการนี้ยังไม่มีแท็ก
คุณยังไม่ได้ล็อกอิน คุณสามารถมีกิจกรรมร่วมกับเว็บไซต์ได้ แต่ต้องล็อกอินก่อน ::
  ล็อกอิน

รายการสื่อสารสนเทศ

ลำดับที่ ประเภท เลขเรียก/บาร์โค้ด สถานที่ สถานะ
- ไม่พบข้อมูล -

รายการใกล้เคียง
    ผู้แต่ง [ศุภนิมิต ทีฆชุณหเถียร]

    หัวเรื่อง [การรักษาด้วยสมุนไพร]

BibComment


ยังไม่เคยถูกคอมเมนท์

คอมเมนท์ทรัพยากรรายการนี้
  คอมเมนท์: ยาจีนกับพลังปราณ ..


 Copyright 2026. Bcnsprnw @Library